00707 2200181 4500245007500000020002200075250001100097100002300108700002100131650004300152005001900195260004100214041001400255084000800269300002300277500021600300336000900516 aThe Hardy Boys 4 b : Hilangnya Sobat KaribcDixon, Franklin W.hText a978-979-27-7615-7 aCet. 1 aDixon, Franklin W. aAnis Apriliawati aFiksi Inggris (dalam Bahasa Indonesia) a20231004121229 aJakartabElex Media Komputindoc2010 aIndonesia a813 a161 hlm. :c20 cm. aAda sesuatu yang tidak wajar sedang terjadi di Bayport,kota kelahiran Hardy bersaudara. Pertama ada masalah di shantytown. Lalu sebuah kapal hitam asing berusaha menabrak Sleuth perahu motor milik joe dan frank. atext